Diaľkové meranie /

Enregistré dans:
Détails bibliographiques
Auteur principal: Bajcsy, Július (Auteur)
Format: Livre
Langue:slovaque
Publié: Bratislava : STU v Bratislave, 1981
Édition:2.vyd.
Tags: Ajouter un tag
Pas de tags, Soyez le premier à ajouter un tag!

MARC

LEADER 00000nam a22000003a 4500
001 stu6852
005 20150617225809.6
008 940719s1981----cs------------------slo-d
040 |a STU  |b slo 
041 0 |a slo 
044 |a cs 
100 1 |a Bajcsy, Július  |4 aut  |u E190  |U FEI Fakulta elektrotechniky a informatiky  |T FEI Katedra merania  |U E190  |Y 66 
245 1 |a Diaľkové meranie /  |c [aut.] Bajcsy,Július 
250 |a 2.vyd. 
260 |a Bratislava :  |b STU v Bratislave,  |c 1981 
300 |a 236 s 
996 |b E48483  |c E*48483  |l EE01  |s A  |a 24  |w stu6852_0001